| 000 | 00609nam a2200181 a 4500 | ||
|---|---|---|---|
| 001 | 000047185 | ||
| 005 | 20201002053428.0 | ||
| 008 | 180418s2017 dr a r 000 0 spa d | ||
| 020 | _a9789945468663 | ||
| 040 |
_aDO-SdBNP _bspa _cBNPHU |
||
| 082 |
_axxxx _bL816e 1ro. |
||
| 100 | 1 |
_aLockhart, María Soledad _974945 |
|
| 245 | 1 | 0 |
_aEducación artística 1 / _cMaría Soledad Lockhart ; ilustraciones Luis E. Reyes Guzmán. |
| 260 |
_aSanto Domingo : _bMinisterio de educación, _c2017. |
||
| 300 |
_a152 p. : _bil. ; _c27 cm. |
||
| 590 | _aInventariado, 2018/BT | ||
| 700 | 1 |
_aReyes Cuzmán, Luis E., _eil. _974946 |
|
| 999 |
_c46673 _d46673 |
||